|
|
|
|
| LEADER |
03495nam a22005055i 4500 |
| 001 |
978-3-642-55265-6 |
| 003 |
DE-He213 |
| 005 |
20151110193000.0 |
| 007 |
cr nn 008mamaa |
| 008 |
140703s2014 gw | s |||| 0|eng d |
| 020 |
|
|
|a 9783642552656
|9 978-3-642-55265-6
|
| 024 |
7 |
|
|a 10.1007/978-3-642-55265-6
|2 doi
|
| 040 |
|
|
|d GrThAP
|
| 050 |
|
4 |
|a K4240-4343
|
| 050 |
|
4 |
|a K1401-1578.25
|
| 072 |
|
7 |
|a LN
|2 bicssc
|
| 072 |
|
7 |
|a LAW051000
|2 bisacsh
|
| 082 |
0 |
4 |
|a 343.099
|2 23
|
| 100 |
1 |
|
|a Guan, Wenwei.
|e author.
|
| 245 |
1 |
0 |
|a Intellectual Property Theory and Practice
|h [electronic resource] :
|b A Critical Examination of China’s TRIPS Compliance and Beyond /
|c by Wenwei Guan.
|
| 264 |
|
1 |
|a Berlin, Heidelberg :
|b Springer Berlin Heidelberg :
|b Imprint: Springer,
|c 2014.
|
| 300 |
|
|
|a XI, 168 p. 5 illus.
|b online resource.
|
| 336 |
|
|
|a text
|b txt
|2 rdacontent
|
| 337 |
|
|
|a computer
|b c
|2 rdamedia
|
| 338 |
|
|
|a online resource
|b cr
|2 rdacarrier
|
| 347 |
|
|
|a text file
|b PDF
|2 rda
|
| 505 |
0 |
|
|a Intellectual Property: Concept, History, and Contentions -- Private-Public Dynamics: the Paradox of Intellectual Property Philosophy.- Public-Private Dynamics in China’s IP Regime and TRIPS Compliance -- IP Perceptions Survey: the Dynamics in Reality -- TRIPS’ Legitimacy Deficit and the Myth of Modern law -- Conclusion: Ontology, Legitimacy, and Time.
|
| 520 |
|
|
|a This book explains China’s intellectual property perspective in the context of European theories, through a critical examination of intellectual property theory and practice focused on China’s compliance with the Agreement on Trade-Related Aspects of Intellectual Property Rights (TRIPS). The author’s critical review of contemporary intellectual property philosophy suggests that justifying intellectual property protection through Locke or Hegel’s property theories internalizes a theoretical paradox. “Professor Wenwei Guan’s treatment of intellectual property law and practice in the PRC offers new perspectives that enrich an already active field of study . . . This book will be a useful contribution to academic and policy discourses examining conceptual and operational dimensions of China’s intellectual property protection system and the broader process of China’s international engagement.” – Dr. Pitman B. Potter, Professor of Law, University of British Columbia, Canada “Dr. Guan reminds us of the daunting challenge of the public-private divide in forming and reforming TRIPS regime; how this regime has failed to address development needs and public concerns in developing countries like China; and how TRIPS’s ‘birth defect’ can be overcome and its evolution can be put back on the right track.” – Dr. Yahong Li, Associate Professor at Faculty of Law, Hong Kong University.
|
| 650 |
|
0 |
|a Law.
|
| 650 |
|
0 |
|a Trade.
|
| 650 |
|
0 |
|a Business.
|
| 650 |
|
0 |
|a Commerce.
|
| 650 |
|
0 |
|a Law
|x Philosophy.
|
| 650 |
|
0 |
|a International law.
|
| 650 |
|
0 |
|a Intellectual property
|x Law and legislation.
|
| 650 |
1 |
4 |
|a Law.
|
| 650 |
2 |
4 |
|a International IT and Media Law, Intellectual Property Law.
|
| 650 |
2 |
4 |
|a Theories of Law, Philosophy of Law, Legal History.
|
| 650 |
2 |
4 |
|a Trade.
|
| 710 |
2 |
|
|a SpringerLink (Online service)
|
| 773 |
0 |
|
|t Springer eBooks
|
| 776 |
0 |
8 |
|i Printed edition:
|z 9783642552649
|
| 856 |
4 |
0 |
|u http://dx.doi.org/10.1007/978-3-642-55265-6
|z Full Text via HEAL-Link
|
| 912 |
|
|
|a ZDB-2-SHU
|
| 950 |
|
|
|a Humanities, Social Sciences and Law (Springer-11648)
|